000
00348cam a2200145ua 4500
041
_a
eng
_h
082
_a
330.1
_b
JAT/El
100
_a
G.B. Jathar, S.G. Beli .
245
_a
Elementary priciples of ecomnomics``
260
_a
:
_b
Oxfor university press ,
_c
1961.
300
_a
424 ; .
504
_a
999
_c
11185
_d
11185